Los "Escritos" de Jacques Lacan (Record no. 10280)

MARC details
000 -LEADER
campo de control de longitud fija 00914nam a2200277 i 4500
001 - NÚMERO DE CONTROL
campo de control 10280
003 - IDENTIFICADOR DE NÚMERO DE CONTROL
campo de control ES-MaACL
005 - FECHA Y HORA DE LA ÚLTIMA TRANSACCIÓN
campo de control 20230906145845.0
008 - DATOS DE LONGITUD FIJA--INFORMACIÓN GENERAL
campo de control de longitud fija 950418s1994 sp ||||1| spa d
020 ## - NÚMERO INTERNACIONAL ESTÁNDAR DEL LIBRO
Número Internacional Estándar del Libro 84-323-0830-7
080 ## - NÚMERO DE LA CLASIFICACIÓN DECIMAL UNIVERSAL
Número de la Clasificación Decimal Universal 159.964.2
080 ## - NÚMERO DE LA CLASIFICACIÓN DECIMAL UNIVERSAL
Número de la Clasificación Decimal Universal 1 Lacan
100 1# - ENTRADA PRINCIPAL--NOMBRE DE PERSONA
Nombre de persona Frutos Salvador, Angel de.
9 (RLIN) 52780
245 14 - MENCIÓN DEL TÍTULO
Título Los "Escritos" de Jacques Lacan
Resto del título : variantes textuales /
Mención de responsabilidad, etc. Angel de Frutos Salvador ; prefacio de Elisabeth Roudinesco.
250 ## - MENCION DE EDICION
Mención de edición [1ª ed.].
260 ## - PUBLICACIÓN, DISTRIBUCIÓN, ETC.
Lugar de publicación, distribución, etc. Madrid :
Nombre del editor, distribuidor, etc. Siglo XXI de España,
Fecha de publicación, distribución, etc. 1994.
300 ## - DESCRIPCIÓN FÍSICA
Extensión XIII, 444 p. ;
Dimensiones 24 cm.
490 1# - MENCIÓN DE SERIE
Mención de serie Psicoanálisis
500 ## - NOTA GENERAL
Nota general Textos de Lacan en francés y español.
504 ## - NOTA DE BIBLIOGRAFÍA, ETC.
Nota de bibliografía, etc. Bibliografía: p. 401-439.
600 14 - PUNTO DE ACCESO ADICIONAL DE MATERIA--NOMBRE DE PERSONA
Nombre de persona Lacan, Jacques-
Subdivisión de forma Crítica textual.
9 (RLIN) 69326
700 1# - ENTRADA AGREGADA--NOMBRE PERSONAL
Nombre de persona Roudinesco, Elisabeth.
9 (RLIN) 100012
830 0# - PUNTO DE ACCESO ADICIONAL DE SERIE-TÍTULO UNIFORME
Título uniforme Psicoanálisis
9 (RLIN) 183803
852 ## - LOCALIZACIÓN
Ubicación ES-MaACL
Número de control de estantería L-17802
Sublocalización o colección R.17802
Holdings
Estatus retirado Estado de pérdida Estado de daño No para préstamo Biblioteca de origen Biblioteca actual Ubicación en estantería Fecha de adquisición Fuente de adquisición Total de préstamos Signatura topográfica completa Código de barras Visto por última vez Precio de reemplazo Tipo de ítem Koha
        Biblioteca del Ateneo de Madrid Biblioteca del Ateneo de Madrid Depósito 2 17/01/2008     L-17802 1010490 23/02/2023 23/02/2023 Libro impreso